[Event "AUTO-INT-515"]
[Site "http://www.queenalice.com/game.php?id=335193"]
[Date "2008.1.12"]
[Round "2"]
[White "Alejandrito"]
[Black "cegonha85"]
[Result "1/2-1/2"]
[WhiteElo "1845"]
[BlackElo "2007"]

1. e4 c5 2. Nf3 d6 3. Nc3 Nc6 4. d4 cxd4 5. Nxd4 e6 6. Bb5 Bd7 7. O-O Nxd4 8.
Qxd4 Bxb5 9. Nxb5 a6 10. Nc3 Nf6 11. Qa4+ Qd7 12. Qxd7+ Kxd7 13. Na4 Kc7 14. f3
b5 15. Nc3 b4 16. Na4 Be7 17. Be3 Rab8 18. Rad1 e5 19. Rd3 Rhc8 20. Rc1 a5 21.
c4 Kb7 22. Nb6 Rc6 23. Nd5 Nxd5 24. Rxd5 Ka6 25. c5 Rbc8 26. Rb1 f6 27. cxd6
Bxd6 28. Rbd1 Bc5 29. Bxc5 Rxc5 30. R1d2 Rc1+ 31. Kf2 R8c2 32. Kg3 Rxd2 33. Rxd2
a4 34. f4 Rc4 35. fxe5 fxe5 36. Rd6+ Kb5 37. Rd5+ Rc5 38. Kf3 g6 39. Rd8 g5 40.
Re8 Ka5 41. Ra8+ Kb5 42. Rb8+ Kc4 43. Rb7 h5 44. g4 hxg4+ 45. Kxg4 Rc8 46. Ra7
1/2-1/2

[Event "AUTO-INT-515"]
[Site "http://www.queenalice.com/game.php?id=335194"]
[Date "2008.1.12"]
[Round "2"]
[White "cegonha85"]
[Black "Alejandrito"]
[Result "1-0"]
[WhiteElo "1958"]
[BlackElo "1872"]

1. c4 e5 2. Nc3 Nc6 3. g3 Nf6 4. Nf3 Bc5 5. Bg2 d6 6. O-O Be6 7. Qb3 O-O 8. d3
b6 9. Bg5 Na5 10. Qa4 Bd7 11. Bxf6 Qxf6 12. Qxd7 Rac8 13. Nd5 Qd8 14. Ne7+ Kh8
15. Qxc8 Qxc8 16. Nxc8 1-0

[Event "AUTO-INT-515"]
[Site "http://www.queenalice.com/game.php?id=335195"]
[Date "2008.1.12"]
[Round "2"]
[White "SGrillo"]
[Black "cegonha85"]
[Result "0-1"]
[WhiteElo "1693"]
[BlackElo "2014"]

1. e4 c5 2. d4 cxd4 3. Qxd4 Nc6 4. Qd3 e5 5. Nf3 Bc5 6. Be3 Qa5+ 7. c3 Qb6 8. b3
Bxe3 9. Qxe3 Qxe3+ 10. fxe3 Nf6 11. Bd3 O-O 12. O-O d6 13. Nbd2 Bg4 14. h3 Bd7
15. b4 a5 16. a3 Kh8 17. b5 Ne7 18. a4 Be6 19. c4 Bd7 20. Rac1 Rac8 21. g4 h5
22. gxh5 Bxh3 23. Rf2 Nxh5 24. Rh2 Bg4 25. Be2 g6 26. Re1 Kg8 27. Rg2 Nf6 28.
Ng5 Bd7 29. Bg4 Nxg4 30. Rg3 f6 31. Nh3 Be6 32. Rc1 g5 33. Nf2 Nxf2 34. Kxf2 g4
35. Ke2 Kf7 36. Kd3 f5 37. exf5 Bxf5+ 38. Ne4 d5 39. Rgg1 Bxe4+ 0-1

[Event "AUTO-INT-515"]
[Site "http://www.queenalice.com/game.php?id=335196"]
[Date "2008.1.12"]
[Round "2"]
[White "cegonha85"]
[Black "SGrillo"]
[Result "1-0"]
[WhiteElo "1989"]
[BlackElo "1614"]

1. c4 e5 2. Nc3 Bb4 3. Nf3 Bxc3 4. dxc3 d6 5. e4 Bg4 6. Qb3 Bxf3 7. gxf3 b6 8.
Be3 h6 9. O-O-O Nf6 10. Rg1 O-O 11. Bxh6 Nh5 12. Be2 Qf6 13. Bg5 Qe6 14. Qb5 f6
15. Be3 Qh3 16. Qd5+ Kh7 17. Qxa8 Nf4 18. Bxf4 exf4 19. Qxa7 Qc8 20. Rxd6 Kh8
21. Rxb6 g5 22. Rb7 Nc6 23. Qc5 Rf7 24. Qxc6 Kg7 25. e5 Qd8 26. Rd1 1-0

[Event "Challenge"]
[Site "http://www.queenalice.com/game.php?id=339667"]
[Date "2008.1.20"]
[Round "-"]
[White "Sherlock6834"]
[Black "cegonha85"]
[Result "0-1"]
[WhiteElo "2009"]
[BlackElo "1991"]

1. e4 c5 2. d4 cxd4 3. c3 dxc3 4. Nxc3 e6 5. Nf3 Bb4 6. Bc4 Nf6 7. Qe2 Bxc3+ 8.
bxc3 d5 9. exd5 Nxd5 10. Bxd5 Qxd5 11. Ba3 Bd7 12. O-O Bb5 13. Qd1 Bxf1 14. Qxd5
exd5 15. Kxf1 Nc6 16. Re1+ Kd7 17. Ne5+ Nxe5 18. Rxe5 Kc6 19. Re7 Rhf8 20. Re3
Rfe8 21. Rg3 g6 22. Bc1 Rac8 23. Be3 b6 24. Rg4 Kd6 25. Bd4 f5 26. Rg3 f4 27.
Rd3 Kc6 28. a4 a5 29. Bg7 Rb8 30. Bh6 Re4 31. Rd4 Rbe8 32. Rd1 Rxa4 33. h3 Rc4
34. Kg1 Rxc3 35. Bxf4 h5 36. Kh2 h4 37. Bd2 Rd3 38. Rc1+ Kd6 39. Be3 d4 40. Bf4+
Kd5 41. Rb1 Rf8 42. Bg5 Rxf2 43. Bxh4 Rf4 44. Bg5 Rf5 45. h4 Kc6 46. g4 Re5 47.
Bd8 Rb5 48. Rf1 Rb2+ 49. Kh1 Rh3+ 50. Kg1 Rg3+ 51. Kh1 Rxg4 52. Rc1+ Kd6 53. Bf6
b5 54. Rd1 Rb4 55. Kh2 a4 56. Re1 Rc4 57. Be7+ Kc6 58. Re6+ Kc7 59. Bg5 Rc6 60.
Re7+ Kc8 61. Re8+ Kb7 62. Kh3 Rg1 63. Rd8 Rh1+ 64. Kg2 Rd1 0-1

[Event "Challenge"]
[Site "http://www.queenalice.com/game.php?id=339669"]
[Date "2008.1.20"]
[Round "-"]
[White "cegonha85"]
[Black "razoman"]
[Result "1-0"]
[WhiteElo "1991"]
[BlackElo "1909"]

1. d4 e6 2. e4 d5 3. Nc3 Bb4 4. e5 h6 5. Nf3 Ne7 6. Bd3 c5 7. dxc5 Bxc5 8. O-O
O-O 9. Bf4 a6 10. Na4 Ba7 11. Qe2 Bd7 12. Nc3 Nbc6 13. Rad1 Nb4 14. a3 Nxd3 15.
cxd3 d4 16. Ne4 Nd5 17. Bd2 Ba4 18. Rc1 Bb3 19. Nd6 Qd7 20. Qe4 Ne7 21. Qxb7 Qd8
22. Qxb3 Rb8 23. Qa4 Rxb2 24. Qxa6 Bb8 25. Ba5 Qd7 26. Nxd4 Nd5 27. Nf3 Nf4 28.
Kh1 Qa4 29. Rc4 1-0

[Event "Challenge"]
[Site "http://www.queenalice.com/game.php?id=339670"]
[Date "2008.1.20"]
[Round "-"]
[White "cegonha85"]
[Black "pony"]
[Result "1-0"]
[WhiteElo "1971"]
[BlackElo "2028"]

1. d4 c5 2. dxc5 e6 3. b4 Qf6 4. c3 a5 5. Nf3 axb4 6. Bg5 Qf5 7. cxb4 b6 8. cxb6
Bxb4+ 9. Nbd2 Bb7 10. Be3 Nf6 11. a4 Ng4 12. h3 Nxe3 13. fxe3 O-O 14. Kf2 Na6
15. Rc1 Nc5 16. g4 Qf6 17. Rc4 Bxd2 18. Rxc5 Ba5 19. Rb5 Bc6 20. b7 1-0

[Event "AUTO-ADV-822"]
[Site "http://www.queenalice.com/game.php?id=364121"]
[Date "2008.3.2"]
[Round "1"]
[White "cegonha85"]
[Black "fugazeton2"]
[Result "1-0"]
[WhiteElo "2017"]
[BlackElo "1678"]

1. e4 c5 2. f4 d6 3. Nc3 g6 4. Nf3 Bg7 5. Bb5+ Bd7 6. O-O a6 7. Bxd7+ Nxd7 8. d4
cxd4 9. Nxd4 Ngf6 10. Be3 O-O 11. Nf3 Rc8 12. Qd3 Qc7 13. Rad1 Nc5 14. Bxc5
Qxc5+ 15. Kh1 Ng4 16. Nd4 e5 17. Nd5 Rce8 18. h3 exd4 19. hxg4 Qc8 20. f5 Qd8
21. f6 Bxf6 22. Nxf6+ Kg7 23. Nxe8+ Rxe8 24. Qxd4+ Kg8 25. Qf2 Rf8 26. e5 Qd7
27. exd6 Qxg4 28. d7 Qg5 29. Qb6 Qh4+ 30. Kg1 1-0

[Event "AUTO-ADV-822"]
[Site "http://www.queenalice.com/game.php?id=364122"]
[Date "2008.3.2"]
[Round "1"]
[White "fugazeton2"]
[Black "cegonha85"]
[Result "0-1"]
[WhiteElo "1712"]
[BlackElo "2032"]

1. d4 g6 2. e4 d6 3. Nf3 Bg7 4. Be2 Nf6 5. O-O Nxe4 6. Bd3 Nf6 7. c3 O-O 8. Re1
Nc6 9. Bf4 Bg4 10. Be2 Nd5 11. Bg3 Qd7 12. Nbd2 Bxf3 13. Bxf3 e6 14. a3 Nce7 15.
c4 Bxd4 16. cxd5 exd5 17. Rb1 Bg7 18. Nb3 c6 19. Qe2 Nf5 20. Rbd1 Rae8 21. Qd2
Nxg3 22. fxg3 Rxe1+ 23. Rxe1 Re8 24. Rxe8+ Qxe8 25. Kf2 Qe5 26. h4 Qxb2 27. Kg1
Qxb3 28. Qg5 Qxa3 29. Qd8+ Bf8 30. Qf6 h6 31. g4 b6 32. h5 gxh5 33. g5 Qe3+ 34.
Kh2 hxg5 35. Bxh5 Qe5+ 36. Qxe5 dxe5 37. Kg3 g4 38. Bxg4 e4 39. Kf4 a6 40. Bd7
Bd6+ 41. Ke3 c5 42. g4 c4 43. Kd4 Bc5+ 44. Kxd5 e3 0-1

[Event "AUTO-ADV-822"]
[Site "http://www.queenalice.com/game.php?id=364123"]
[Date "2008.3.2"]
[Round "1"]
[White "cegonha85"]
[Black "FPM"]
[Result "0-1"]
[WhiteElo "2035"]
[BlackElo "1891"]

1. d4 d5 2. c4 c6 3. Nc3 Bg4 4. Qb3 e6 5. Qxb7 Nd7 6. h3 Bh5 7. g4 Bg6 8. Qxc6
Rc8 9. Qa6 Bb4 10. c5 Ne7 11. Qxa7 Be4 12. f3 Bc2 13. Be3 O-O 14. a3 Bxc3+ 15.
bxc3 Rb8 16. Bg5 f6 17. Bf4 e5 18. dxe5 Nc6 19. Qa6 Ndxe5 20. Bxe5 Nxe5 21. Rc1
Rb1 22. Rxb1 Bxb1 23. a4 Qa8 24. Qb6 Ba2 25. Qb4 Rb8 26. Qa3 Rb1+ 27. Kf2 Bc4
28. Bg2 Qa7 29. a5 Rb3 30. Qa4 Qxc5+ 31. Kg3 h6 32. Qe8+ Kh7 33. Qd8 Rxc3 34. g5
fxg5 35. Qa8 Ra3 36. Qb8 Ng6 37. Qe8 Qxa5 38. Qe6 Qc5 39. Qd7 Ra1 40. Kh2 h5 41.
Qd8 Kh6 42. Qb8 h4 43. Qd8 Qf2 44. Qb8 Kh7 45. Qc7 Nf4 46. Qxf4 gxf4 47. e3 Qg3#
0-1

[Event "AUTO-ADV-822"]
[Site "http://www.queenalice.com/game.php?id=364124"]
[Date "2008.3.2"]
[Round "1"]
[White "FPM"]
[Black "cegonha85"]
[Result "0-1"]
[WhiteElo "1847"]
[BlackElo "2004"]

1. d4 g6 2. e4 d6 3. c4 Bg7 4. Be3 Nf6 5. Bd3 O-O 6. f4 Ng4 7. Qf3 c5 8. Ne2 Qb6
9. dxc5 Qxb2 10. cxd6 exd6 11. f5 Ne5 12. Qf4 Nxd3+ 0-1

[Event "AUTO-ADV-822"]
[Site "http://www.queenalice.com/game.php?id=364125"]
[Date "2008.3.2"]
[Round "1"]
[White "cegonha85"]
[Black "jmsteinfeld"]
[Result "1-0"]
[WhiteElo "2019"]
[BlackElo "1755"]

1. c4 d5 2. cxd5 Qxd5 3. Nc3 Qd8 4. Nf3 Bf5 5. e4 Bg6 6. Qb3 b6 7. Bc4 e6 8. O-O
Nf6 9. e5 Ne4 10. d4 Nxc3 11. Qxc3 Be7 12. Bf4 O-O 13. Rad1 c6 14. Kh1 h6 15.
Qb3 Be4 16. Bxe6 fxe6 17. Qxe6+ Kh8 18. Qg4 Bxf3 19. gxf3 Bg5 20. Bxg5 Qxg5 21.
h3 Qxg4 22. fxg4 Na6 23. h4 Nb4 24. a3 Nd5 25. Rc1 Rac8 26. Rcd1 c5 27. dxc5
Rxc5 28. e6 Nf4 29. e7 1-0

[Event "AUTO-ADV-822"]
[Site "http://www.queenalice.com/game.php?id=364126"]
[Date "2008.3.2"]
[Round "1"]
[White "jmsteinfeld"]
[Black "cegonha85"]
[Result "0-1"]
[WhiteElo "1750"]
[BlackElo "2024"]

1. e4 c5 2. Bc4 Nc6 3. d3 Nf6 4. Bf4 e5 5. Bg3 Bd6 6. Nc3 O-O 7. Nf3 Qb6 8. b3
Nh5 9. Ng5 Nxg3 10. hxg3 Qb4 11. Qd2 h6 12. Nxf7 Rxf7 13. Bxf7+ Kxf7 14. Nd5
Qxd2+ 15. Kxd2 Ne7 16. c4 a5 17. Nb6 Rb8 18. Ke3 Nc6 19. Nd5 Nd4 20. f4 Nc2+ 21.
Kd2 Nxa1 22. Rxa1 b5 23. cxb5 Rxb5 24. f5 Be7 25. Kc3 d6 26. a4 Rb8 27. g4 Bg5
28. Rb1 Bd7 29. g3 Bxa4 0-1

[Event "Challenge"]
[Site "http://www.queenalice.com/game.php?id=376486"]
[Date "2008.3.24"]
[Round "-"]
[White "cegonha85"]
[Black "caraumar"]
[Result "1-0"]
[WhiteElo "2013"]
[BlackElo "1701"]

1. e4 e6 2. d3 d5 3. Nd2 Bd6 4. d4 dxe4 5. Nxe4 Nf6 6. Bg5 h6 7. Bxf6 gxf6 8.
Qf3 f5 9. Nxd6+ Qxd6 10. O-O-O Qd5 11. Qxd5 exd5 12. Re1+ Be6 13. Bb5+ c6 14.
Bd3 Kd7 15. Ne2 b5 16. Ng3 f4 17. Ne2 Na6 18. a3 Rag8 19. Nxf4 Rg4 20. g3 Rg7
21. Nh5 Rg5 22. Nf6+ Kd6 23. f4 Rg7 24. f5 Bc8 25. Re8 1-0

[Event "Challenge"]
[Site "http://www.queenalice.com/game.php?id=376487"]
[Date "2008.3.24"]
[Round "-"]
[White "caraumar"]
[Black "cegonha85"]
[Result "0-1"]
[WhiteElo "1697"]
[BlackElo "2029"]

1. d4 g6 2. e4 d6 3. c3 Nf6 4. Bd3 Nc6 5. Be3 Ng4 6. Bf4 e5 7. dxe5 dxe5 8. Bg3
f5 9. f3 Ne3 10. Qe2 f4 11. Nd2 Qg5 12. Nh3 Bxh3 13. gxh3 fxg3 14. Nf1 g2 0-1

[Event "Challenge"]
[Site "http://www.queenalice.com/game.php?id=383883"]
[Date "2008.4.7"]
[Round "-"]
[White "TheAlchemist"]
[Black "cegonha85"]
[Result "1-0"]
[WhiteElo "2117"]
[BlackElo "2008"]

1. d4 g6 2. e4 d6 3. Nc3 Nf6 4. f4 Nc6 5. d5 Bg4 6. Be2 Nb4 7. Bxg4 Nxg4 8. a3
Nxc2+ 9. Qxc2 Bg7 10. h3 Bxc3+ 11. Qxc3 Nf6 12. Nf3 O-O 13. Qd3 e6 14. O-O exd5
15. exd5 c6 16. dxc6 Qb6+ 17. Be3 Qxc6 18. Rac1 Qe4 19. Qxe4 Nxe4 20. Rc7 b6 21.
Bd4 d5 22. Ng5 h6 23. Nxe4 dxe4 24. Kf2 Rfc8 25. Rfc1 Rxc7 26. Rxc7 Kf8 27. Bf6
a6 28. Ke3 Re8 29. g4 h5 30. f5 hxg4 31. hxg4 gxf5 32. gxf5 b5 33. Rc1 Re7 34.
Bxe7+ Kxe7 35. Kxe4 Kd6 36. b4 f6 37. Kd4 Ke7 38. Kd5 Kd7 39. Re1 1-0

[Event "Challenge"]
[Site "http://www.queenalice.com/game.php?id=383885"]
[Date "2008.4.7"]
[Round "-"]
[White "cegonha85"]
[Black "JimMorrisson"]
[Result "0-1"]
[WhiteElo "2017"]
[BlackElo "2168"]

1. c4 Nf6 2. Nc3 e6 3. e4 d5 4. e5 Ne4 5. Nf3 Bc5 6. d4 Bb4 7. Bd2 Nxd2 8. Kxd2
c5 9. Kc2 Nc6 10. Nb5 cxd4 11. Nbxd4 O-O 12. Nxc6 bxc6 13. Be2 c5 14. a3 Ba5 15.
b4 cxb4 16. axb4 Bxb4 17. Qd4 a5 18. Rhb1 Ba6 19. Qf4 dxc4 20. Bxc4 Rc8 21. Rxb4
Qd5 22. Kb2 Rxc4 23. Rxc4 Bxc4 24. Nd4 Rd8 25. Nf3 Qb5+ 26. Kc1 Qb3 27. Nd4 Qc3+
28. Nc2 Bb3 29. Ra2 Bxa2 30. Qe3 Rd3 31. Qa7 Qd2+ 32. Kb2 Rb3+ 33. Kxa2 Qxc2+
0-1

[Event "Challenge"]
[Site "http://www.queenalice.com/game.php?id=383886"]
[Date "2008.4.7"]
[Round "-"]
[White "Pato"]
[Black "cegonha85"]
[Result "1-0"]
[WhiteElo "2143"]
[BlackElo "2001"]

1. f4 e6 2. Nf3 Nf6 3. b3 Bd6 4. g3 O-O 5. Bb2 Nc6 6. Bg2 Bc5 7. d4 Bb4+ 8. c3
Ng4 9. cxb4 Ne3 10. Qd2 Nxb4 11. Kf2 Nbc2 12. h3 d5 13. Na3 Nxa1 14. Qxe3 Nxb3
15. axb3 Bd7 16. Ne5 Qe7 17. Nc2 Rfd8 18. Nxd7 Qxd7 19. g4 a5 20. Qc3 a4 21. b4
h6 22. Ra1 c6 23. e3 Qe7 24. Kg3 g6 25. Ne1 b6 26. Bf1 Re8 27. Bd3 Kh8 28. Nf3
Rec8 29. h4 Qd6 30. Ne5 Rc7 31. Bc2 b5 32. h5 gxh5 33. Rh1 hxg4 34. Rxh6+ Kg7
35. Rh7+ Kg8 36. Nxg4 Raa7 37. Nf6+ Kf8 38. Rh8+ Ke7 39. Ne8 Qd8 40. Qc5+ Kd7
41. Nxc7 Qxh8 42. Qxa7 Qg7+ 43. Kf2 e5 44. Nxd5+ Ke6 45. f5+ Kd6 46. Qe7+ Kxd5
47. Qc5# 1-0

[Event "Challenge"]
[Site "http://www.queenalice.com/game.php?id=383887"]
[Date "2008.4.7"]
[Round "-"]
[White "cegonha85"]
[Black "Markus1234567"]
[Result "1/2-1/2"]
[WhiteElo "1998"]
[BlackElo "1962"]

1. e3 e5 2. Bd3 d5 3. c4 e4 4. Be2 c6 5. Nc3 Be6 6. cxd5 cxd5 7. d3 f5 8. dxe4
fxe4 9. Qb3 Qd7 10. Qc2 Nf6 11. f3 Bb4 12. fxe4 Nxe4 13. Bd2 Nxd2 14. Qxd2 O-O
15. Nf3 a6 16. O-O Nc6 17. Ng5 d4 18. Rxf8+ Rxf8 19. Nxe6 Qxe6 20. exd4 Nxd4 21.
Qxd4 Bxc3 22. Qxc3 Qxe2 23. Qb3+ Kh8 24. Qb6 h6 25. a4 Rf6 26. Qd8+ Kh7 27. Qd4
Qc2 28. Rf1 Rxf1+ 29. Kxf1 Qb3 1/2-1/2